Loading...
| Beliefs | 7 | 11.43 | 43% | 43% | 29% |
| Fine Arts - Classical Music and Opera | 6 | 8.33 | 50% | 17% | 17% |
| Fine Arts - Other | 6 | 18.33 | 67% | 100% | 17% |
| Fine Arts - Visual | 3 | 13.33 | 33% | 67% | 33% |
| Geography | 2 | 10.00 | 0% | 50% | 50% |
| History - European | 3 | 16.67 | 67% | 33% | 67% |
| History - Other | 5 | 12.00 | 40% | 40% | 40% |
| History - US | 3 | 10.00 | 33% | 0% | 67% |
| History - World | 4 | 10.00 | 25% | 25% | 50% |
| Literature - American | 5 | 16.00 | 60% | 40% | 60% |
| Literature - British | 3 | 10.00 | 33% | 67% | 0% |
| Literature - European | 7 | 10.00 | 29% | 43% | 29% |
| Literature - World | 3 | 6.67 | 0% | 0% | 67% |
| Modern World | 1 | 20.00 | 100% | 0% | 100% |
| Other Academic | 1 | 10.00 | 100% | 0% | 0% |
| Philosophy | 5 | 8.00 | 0% | 40% | 40% |
| Science - Chemistry | 2 | 10.00 | 0% | 0% | 100% |
| Science - Earth | 1 | 10.00 | 100% | 0% | 0% |
| Science - Other | 4 | 12.50 | 25% | 50% | 50% |
| Science - Physics | 6 | 13.33 | 50% | 17% | 67% |
| Social Science | 2 | 10.00 | 50% | 50% | 0% |